Jim Cummings Filmography - Statistics

General Stats
  • This quiz has been taken 12 times
  • The average score is 10 of 130
Answer Stats
Year Movie % Correct
2018 Christopher Robin
67%
1995 A Goofy Movie
50%
1992 Aladdin
50%
1995 Pocahontas
50%
1994 The Lion King
50%
2011 Winnie the Pooh
50%
1997 Anastasia
33%
1997 Hercules
33%
1998 Scooby-Doo on Zombie Island
33%
1999 Tarzan
33%
1996 The Hunchback of Notre Dame
33%
2003 The Jungle Book 2
33%
1994 The Pagemaster
33%
2009 The Princess and the Frog
33%
2000 The Road to El Dorado
33%
2000 The Tigger Movie
33%
1996 All Dogs Go to Heaven 2
17%
2000 An Extremely Goofy Movie
17%
1998 Antz
17%
2001 Atlantis: The Lost Empire
17%
1998 Babe: Pig in the City
17%
1995 Balto
17%
1994 Cabin Boy
17%
2011 Gnomeo and Juliet
17%
2001 Jimmy Neutron: Boy Genius
17%
2015 Minions
17%
2002 Peter Pan 2: Return to Neverland
17%
2003 Piglet's Big Movie
17%
2001 Shrek
17%
2016 Sing
17%
2021 Space Jam: A New Legacy
17%
1987 The Garbage Pail Kids Movie
17%
2004 The Lion King 1/2
17%
2016 The Secret Life of Pets
17%
2000 Titan A.E.
17%
1988 Who Framed Roger Rabbit
17%
2012 Wreck-It Ralph
17%
2002 101 Dalmations 2: Patch's London Adventure
0%
2002 A Baby Blues Christmas Special
0%
2015 A.C.O.R.N.S.: Operation Crackdown
0%
2012 Adventures in Zambezia
0%
1996 Aladdin and the King of Thieves
0%
2012 Animen: The Galactic Battle
0%
2014 Annoying Orange: Movie Fruitacular
0%
1996 Around the World With Timon and Pumbaa
0%
1989 Asterix and the Big Fight
0%
2015 A Warrior's Tail
0%
2006 Bah Humduck!: A Looney Tunes Christmas
0%
1997 Beauty and the Beast: The Enchanted Christmas
0%
2007 Bee Movie
0%
1998 Belle's Magical World
0%
2009 Bionicle: The Legend Reborn
0%
1992 Boris and Natasha
0%
2006 Brother Bear 2
0%
1993 Bubsy
0%
1990 Cartoon All-Stars to the Rescue
0%
2001 CatDog: The Great Parent Mystery
0%
2018 Charming
0%
1989 Chip 'n' Dale's Rescue Rangers to the Rescue
0%
2017 Click, Clack, Moo: Christmas at the Farm
0%
2004 Comic Book: The Movie
0%
1991 Coyote Tales
0%
2013 Curious George: A Halloween Boo Fest
0%
2009 Curious George: A Very Monkey Christmas
0%
2013 Curious George Swings Into Spring
0%
2008 Dead Space: Downfall
0%
1996 Dining Out With Timon and Pumbaa
0%
2005 Disaster!
0%
2007 Disney Princess Enchanted Tales: Follow Your Dreams
0%
2017 Gnome Alone
0%
2001 Lady and the Tramp 2: Scamp's Adventure
0%
2006 Leroy and Stitch
0%
2009 Merry Madagascar
0%
2009 Mickey's Adventure in Wonderland
0%
2001 Mickey's House of Villains
0%
1999 Mickey's Once Upon a Christmas
0%
2019 Mickey's Treats
0%
2004 Mickey's Twice Upon a Christmas
0%
2011 Mike DA Mustang
0%
1996 Multiplicity
0%
2007 My Friends Tigger and Pooh: Super Sleuth Christmas Movie
0%
1992 Pinocchio
0%
1998 Pocahontas 2: Journey to a New World
0%
1997 Pooh's Grand Adventure: The Search for Christopher Robin
0%
2005 Pooh's Heffalump Halloween Movie
0%
2005 Pooh's Heffalump Movie
0%
1990 Raisins Sold Out: the California Raisins II
0%
1998 Rusty: A Dog's Tale
0%
2018 Scooby-Doo! and the Gourmet Ghost
0%
1988 Scooby-Doo and the Reluctant Werewolf
0%
2012 Scooby-Doo! Music of the Vampire
0%
2016 Sheep and Wolves
0%
2003 Sinbad: Legend of the Seven Seas
0%
1998 Small Soldiers
0%
1990 Snow White
0%
1995 Space Usagi
0%
2010 Super Duper Super Sleuths
0%
2002 Tarzan and Jane
0%
1998 The Brave Little Toaster Goes to Mars
0%
1997 The Brave Little Toaster to the Rescue
0%
1989 The Butter Battle Book
0%
2006 The Fox and the Hound
0%
2006 The Fox and the Hound 2
0%
2002 The Hunchback of Notre Dame 2: Secret of the Bell
0%
1986 The Kingdom Chums: Little David's Adventure
0%
2000 The Land Before Time VII: the Stone of Cold Fire
0%
2000 The Life and Adventures of Santa Claus
0%
1998 The Lion King 2: Simba's Pride
0%
2011 The Little Engine That Could
0%
1989 The Little Mermaid
0%
2008 The Little Mermaid: Ariel's Beginning
0%
1992 The Moo Family Holiday Hoe-Down
0%
2014 The Pirate Fairy
0%
1994 The Return of Jafar
0%
1996 The Story of Santa Claus
0%
2004 The Three Muskateers
0%
2009 Tigger and Pooh and a Musical Too
0%
1995 Tiny Toons' Night Ghoulery
0%
1994 Tiny Toons Spring Break
0%
2007 TMNT
0%
2014 Tom and Jerry: The Lost Dragon
0%
2001 Tom and Jerry: The Magic Ring
0%
2019 Trouble
0%
1995 'Twas the Night Before Bumpy
0%
2000 Tweety's High-Flying Adventure
0%
1991 Winnie the Pooh and Christmas Too
0%
2002 Winnie the Pooh: A Very Merry Pooh Year
0%
1999 Winnie the Pooh: Seasons of Giving
0%
2003 Winnie the Pooh: Springtime With Roo
0%
2005 Wit's End
0%
No matching quizzes found
Score Distribution
Percent of People with Each Score
Percentile by Number Answered
Your Score History
You have not taken this quiz